[Event "29th Czech Open-Rapid 2018"]
[Site "Pardubice"]
[Date "2018.07.18"]
[Round "1"]
[White "Straka, Vojtech"]
[Black "Zhuravlev, Stepan"]
[Result "*"]
[WhiteElo "2379"]
[BlackElo "2121"]
[Annotator "NA"]
[PlyCount "163"]
[EventDate "2018.07.18"]
[EventType "swiss"]
[EventCountry "CZE"]
[SourceTitle "playchess.com"]
[Source "ChessBase"]
[SourceQuality "1"]
[TimeControl "900+10"]

1. d4 {[%emt 0:00:00]} d5 {[%emt 0:00:00]} 2. c4 {[%emt 0:00:00]} e6 {[%emt 0:00:00]} 3. Nc3 {[%emt 0:00:00]} Nf6 {[%emt 0:00:00]} 4. Nf3 {[%emt 0:00:00]} Nbd7 {[%emt 0:00:00]} 5. g3 {[%emt 0:00:01]} c6 {[%emt 0:00:05]} 6. Bg2 {[%emt 0:00:03]} Be7 {[%emt 0:00:02]} 7. O-O {[%emt 0:00:03]} O-O {[%emt 0:00:02]} 8. Qc2 {[%emt 0:01:11]} b6 {[%emt 0:00:03]} 9. b3 {[%emt 0:00:31]} Bb7 {[%emt 0:00:05]} 10. Bb2 {[%emt 0:00:23]} Rc8 {[%emt 0:00:04]} 11. Rfd1 {[%emt 0:00:54]} Ba8 {[%emt 0:00:29]} 12. Rac1 {[%emt 0:00:30]} Qc7 {[%emt 0:00:38]} 13. e4 {[%emt 0:01:46]} Qb8 {[%emt 0:00:41]} 14. e5 {[%emt 0:00:17]} Ne8 {[%emt 0:00:03]} 15. Qe2 {[%emt 0:00:55]} Nc7 {[%emt 0:00:44]} 16. cxd5 {[%emt 0:01:02]} cxd5 {[%emt 0:01:05]} 17. Nb5 {[%emt 0:00:38]} Na6 {[%emt 0:03:13]} 18. a3 {[%emt 0:02:21]} Bb7 {[%emt 0:00:18]} 19. Bf1 {[%emt 0:00:56]} Nc7 {[%emt 0:00:56]} 20. Nxc7 {[%emt 0:00:47]} Rxc7 {[%emt 0:00:34]} 21. Rxc7 {[%emt 0:00:02]} Qxc7 {[%emt 0:00:04]} 22. Rc1 {[%emt 0:00:01]} Qb8 {[%emt 0:00:03]} 23. Qb5 {[%emt 0:00:27]} Rd8 {[%emt 0:00:03]} 24. Ne1 {[%emt 0:00:38]} a6 {[%emt 0:00:30]} 25. Qe2 {[%emt 0:00:11]} Rc8 {[%emt 0:00:21]} 26. Rxc8+ {[%emt 0:00:08]} Qxc8 {[%emt 0:00:03]} 27. Qc2 {[%emt 0:00:03]} Qxc2 {[%emt 0:00:26]} 28. Nxc2 {[%emt 0:00:02]} Kf8 {[%emt 0:00:02]} 29. f4 {[%emt 0:00:06]} g5 {[%emt 0:01:50]} 30. Ne3 {[%emt 0:01:20]} gxf4 {[%emt 0:00:38]} 31. gxf4 {[%emt 0:00:02]} f5 {[%emt 0:00:51]} 32. Be2 {[%emt 0:00:56]} Kg7 {[%emt 0:00:34]} 33. Bh5 {[%emt 0:00:36]} Nf8 {[%emt 0:00:45]} 34. Kf2 {[%emt 0:00:49]} Ng6 {[%emt 0:00:24]} 35. Ng2 {[%emt 0:01:06]} Bc6 {[%emt 0:01:35]} 36. Be2 {[%emt 0:00:21]} a5 {[%emt 0:02:09]} 37. a4 {[%emt 0:00:32]} Bb4 {[%emt 0:00:07]} 38. Ke3 {[%emt 0:00:09]} Be8 {[%emt 0:00:27]} 39. Kd3 {[%emt 0:00:14]} Ne7 {[%emt 0:00:16]} 40. Kc2 {[%emt 0:00:14]} Kh6 {[%emt 0:00:23]} 41. Bc3 {[%emt 0:00:06]} Bxc3 {[%emt 0:00:41]} 42. Kxc3 {[%emt 0:00:02]} Bh5 {[%emt 0:00:00]} 43. Bb5 {[%emt 0:00:03]} Ng6 {[%emt 0:00:25]} 44. Bd7 {[%emt 0:00:37]} Bf3 {[%emt 0:00:10]} 45. Ne1 {[%emt 0:00:02]} Be4 {[%emt 0:00:02]} 46. Bxe6 {[%emt 0:00:09]} Nxf4 {[%emt 0:00:02]} 47. Bf7 {[%emt 0:00:13]} Ne2+ {[%emt 0:00:12]} 48. Kd2 {[%emt 0:00:38]} Nxd4 {[%emt 0:00:02]} 49. Kc3 {[%emt 0:00:01]} Ne2+ {[%emt 0:00:46]} 50. Kd2 {[%emt 0:00:02]} Nd4 {[%emt 0:00:01]} 51. Kc3 {[%emt 0:00:00]} Nc6 {[%emt 0:00:03]} 52. e6 {[%emt 0:00:07]} Kg7 {[%emt 0:00:19]} 53. Be8 {[%emt 0:00:21]} Ne7 {[%emt 0:00:15]} 54. Nd3 {[%emt 0:00:34]} Bxd3 {[%emt 0:00:04]} 55. Kxd3 {[%emt 0:00:01]} Kf6 {[%emt 0:00:01]} 56. Bd7 {[%emt 0:00:02]} Ke5 {[%emt 0:00:01]} 57. Kc3 {[%emt 0:00:20]} f4 {[%emt 0:00:08]} 58. b4 {[%emt 0:00:08]} h5 {[%emt 0:00:22]} 59. bxa5 {[%emt 0:00:12]} bxa5 {[%emt 0:00:01]} 60. Kd3 {[%emt 0:00:01]} h4 {[%emt 0:00:03]} 61. Ke2 {[%emt 0:00:17]} Ke4 {[%emt 0:00:04]} 62. Bb5 {[%emt 0:00:23]} f3+ {[%emt 0:00:35]} 63. Kd2 {[%emt 0:00:14]} d4 {[%emt 0:00:24]} 64. Ba6 {[%emt 0:00:11]} Ke5 {[%emt 0:00:11]} 65. Bc4 {[%emt 0:00:20]} Ng6 {[%emt 0:00:10]} 66. Bd3 {[%emt 0:00:14]} Ne7 {[%emt 0:00:12]} 67. Bc4 {[%emt 0:00:01]} Ke4 {[%emt 0:00:03]} 68. Ba6 {[%emt 0:00:02]} Kd5 {[%emt 0:00:09]} 69. Bb7+ {[%emt 0:00:04]} Kxe6 {[%emt 0:00:03]} 70. Bxf3 {[%emt 0:00:01]} Ke5 {[%emt 0:00:03]} 71. Kd3 {[%emt 0:00:09]} Nd5 {[%emt 0:00:06]} 72. Bd1 {[%emt 0:00:30]} Nb6 {[%emt 0:00:32]} 73. Bb3 {[%emt 0:00:13]} Nd7 {[%emt 0:00:01]} 74. Bd1 {[%emt 0:00:08]} Kd5 {[%emt 0:00:06]} 75. Bb3+ {[%emt 0:00:16]} Kc5 {[%emt 0:00:01]} 76. Be6 {[%emt 0:00:09]} Nb6 {[%emt 0:00:14]} 77. Bb3 {[%emt 0:00:14]} Nd5 {[%emt 0:00:03]} 78. Bd1 {[%emt 0:00:06]} Nb4+ {[%emt 0:00:04]} 79. Ke4 {[%emt 0:00:32]} Kc4 {[%emt 0:00:16]} 80. Kf4 {[%emt 0:00:01]} Nd5+ {[%emt 0:00:19]} 81. Kg5 {[%emt 0:00:14]} Nc3 {[%emt 0:00:01]} 82. Bg4 {[%emt 0:00:15]} *

[Event "29th Czech Open-Rapid 2018"]
[Site "Pardubice"]
[Date "2018.07.18"]
[Round "1"]
[White "Burdalev, Kirill"]
[Black "Haase, Pavel"]
[Result "1-0"]
[WhiteElo "2377"]
[BlackElo "1994"]
[Annotator "TA"]
[PlyCount "105"]
[EventDate "2018.07.18"]
[EventType "swiss"]
[EventCountry "CZE"]
[SourceTitle "playchess.com"]
[Source "ChessBase"]
[SourceQuality "1"]

{[%evp 17,105,31,26,25,45,0,43,37,101,96,101,100,98,93,104,99,104,101,114,43,68,67,73,41,81,53,94,71,74,14,125,118,128,109,114,76,83,91,77,75,84,17,17,0,30,26,150,105,195,75,97,75,170,171,289,281,295,301,293,282,344,356,354,350,368,350,316,292,300,295,372,371,382,372,497,483,647,641,632,628,608,570,866,812,1109,1104,1071,1010,12839,12839]} 1. d4 Nf6 2. Nf3 e6 3. Bf4 c5 4. e3 Nc6 5. Nbd2 d5 6. c3 Bd6 7. Bg3 O-O 8. Bd3 cxd4 9. exd4 {D02: 1 d4 d5 2 Nf3 sidelines, including 2...Nf6 3 g3 and 2...Nf6 3 Bf4} Nh5 {LiveBook: 3 Games} (9... a6 10. O-O Bxg3 11. hxg3 b5 12. b4 Qc7 13. Re1 Re8 14. a4 bxa4 15. Qxa4 Bd7 16. b5 {½-½ (94) Kamsky,G (2732)-Wang,Y (2697) Beijing 2011}) 10. Bxd6 $146 ({Predecessor:} 10. Ne5 g6 11. Ndf3 f6 12. Nxc6 bxc6 13. O-O Nxg3 14. hxg3 e5 15. Be2 e4 16. Ne1 f5 {0-1 (27) Federic,J (2303)-Klekowski,M (2447) Slovakia 2017}) 10... Qxd6 11. O-O {White is slightly better.} g6 (11... Nf4 $5 {[%cal Rf4d3]} 12. Bc2 f6 $11) 12. Re1 f5 (12... Bd7 $14) 13. Ne5 $16 Nxe5 14. Rxe5 Bd7 15. Nf3 Rae8 16. Qd2 Kg7 17. Rae1 h6 18. c4 (18. R5e3 $16) 18... dxc4 $14 19. Bxc4 {aiming for d5.} Nf6 20. Qc3 Kh7 21. Qb3 Ng4 22. R5e2 {[%cal Rc4e6]} ({But not} 22. Qxb7 $6 Nxe5 23. Nxe5 Re7 $11) 22... Bc6 23. Ne5 ({Much worse is} 23. Rxe6 Bxf3 24. Qxf3 (24. Rxd6 $2 {too greedy.} Rxe1+ 25. Bf1 Be2 $19) 24... Qxh2+ 25. Kf1 Qh1+ 26. Ke2 Qh4 $11) (23. g3 $16 {[%cal Re2e6]} Be4 24. Rxe4 fxe4 25. Qxb7+ Re7 26. Qxe4) 23... Qxd4 (23... Nxe5 $11 {keeps the balance.} 24. Rxe5 Qxd4) 24. Nxc6 $16 bxc6 25. h3 Nf6 26. Rd1 Qb6 27. Qxb6 axb6 {[#]} 28. Rd6 $1 b5 29. Bb3 (29. Bd3 $16) 29... c5 $1 $11 30. Rexe6 Rxe6 31. Bxe6 {[%mdl 4096] Endgame KRB-KRN} Rb8 (31... Ne4 $11 32. Rd7+ Kh8) 32. Rc6 Ne4 {[#]} (32... Re8 $16) 33. Rc7+ (33. Bf7 $1 $18 {is more deadly.}) 33... Kh8 $16 34. Bd5 Nf6 (34... c4 $16) 35. Bf7 $18 Kg7 (35... g5 {is a better defense.} 36. Rxc5 f4) 36. Be8+ $1 Kg8 37. Bxg6 c4 38. Bxf5 Ra8 39. a3 Kf8 40. g4 Rb8 41. h4 Nd5 42. Rh7 Rb6 43. Rd7 Nf4 44. Kh2 Ne2 45. Rd2 Nf4 46. Kg3 {White is clearly winning.} Ne6 47. Bxe6 Rxe6 {KR-KR} 48. Rd5 Rb6 49. Rc5 b4 50. Rxc4 bxa3 51. bxa3 Rb3+ 52. Kf4 Rxa3 53. g5 {Precision: White = 64%, Black = 20%.} 1-0

[Event "29th Czech Open-Rapid 2018"]
[Site "Pardubice"]
[Date "2018.07.18"]
[Round "1"]
[White "Dolezal, Radoslav"]
[Black "Nehyba, Martin"]
[Result "1-0"]
[WhiteElo "2368"]
[BlackElo "2163"]
[Annotator "TA"]
[PlyCount "109"]
[EventDate "2018.07.18"]
[EventType "swiss"]
[EventCountry "CZE"]
[SourceTitle "playchess.com"]
[Source "ChessBase"]
[SourceQuality "1"]

{[%evp 10,109,9,10,42,59,57,18,21,26,23,31,25,26,27,0,16,21,20,0,18,24,52,52,63,67,66,55,48,41,50,22,76,13,94,83,104,104,122,85,111,112,116,103,135,126,126,123,157,136,130,129,135,130,178,166,184,190,287,289,289,278,285,264,408,404,347,386,382,342,405,410,518,514,515,500,400,352,667,639,29975,11510,29971,29973,29982,29983,29983,29984,29984,29983,29982,29983,29983,29984,29984,29985,29985,29986,29986,29987,29988,29989]} 1. e4 {Tarrasch,S} c5 2. Nf3 e6 3. c3 d5 4. exd5 exd5 5. d4 Nc6 6. Bb5 {LiveBook: 979 Partien} Bg4 {B22: Sizilianisch (Alapin 2.c3)} (6... Bd6 7. dxc5 Bxc5 8. O-O Nf6 9. Nbd2 O-O 10. Nb3 Bb6 11. Nfd4 Qd6 12. Re1 Bg4 13. Qd3 a6 14. Bxc6 bxc6 15. Qg3 Qxg3 16. hxg3 c5 17. Nc6 a5 {0-1 (46) Mamedov,R (2709)-Rapport,R (2707) Riadh 2017}) 7. O-O Nf6 8. Re1+ Be7 $1 {Die Stellung ist ausgeglichen.} 9. dxc5 O-O 10. Be3 Ne4 11. h3 $146 ({Vorgänger:} 11. Bxc6 bxc6 12. b4 Bf6 13. Bd4 Re8 14. a4 Bxd4 15. cxd4 Bxf3 16. gxf3 {0-1 (29) Maroczy,G-Tarrasch,S Ostend 1905 MainBase [Tarrasch,S]}) 11... Bh5 12. Be2 Re8 13. Nbd2 Nxc5 14. Nd4 Bxe2 15. Rxe2 Nd3 16. N2f3 $36 {[%mdl 2048] Weiss kämpft um Vorteil.} Nde5 17. Nxe5 Nxe5 18. Nf5 Bf6 19. Bd4 Qd7 20. Ne3 b6 (20... Bg5 $11) 21. Qb3 ({Günstiger ist} 21. Qf1 $16) 21... Qc6 (21... Bg5 $11 {hält das Gleichgewicht.}) 22. Rd1 Rad8 23. Bxe5 Bxe5 24. Red2 Bf4 25. Rxd5 Rxd5 26. Qxd5 Qxd5 27. Nxd5 $16 {[%mdl 4096] Endspiel KTL-KTS} Bg5 28. Kf1 f5 29. c4 Kf7 30. b3 {[%cal Bb2b3,Bb3b4][%mdl 32]} g6 31. g3 h5 32. h4 Bh6 33. Re1 Bg7 (33... Rxe1+ $142 34. Kxe1 Bf8) 34. Rxe8 $18 Kxe8 {KL-KS} 35. b4 Be5 36. Ke2 Bd4 (36... Bd6 $142 37. Ke3 Bf8) 37. Nc7+ Kd7 38. Nb5 Bf6 39. Nxa7 f4 40. Nb5 Be7 41. a3 Bf6 42. Kf3 fxg3 43. fxg3 Bb2 $2 {[#]} (43... g5 44. hxg5 Bxg5) 44. Ke4 Ke6 45. a4 Be5 46. a5 {Weiß setzt Matt.} bxa5 47. bxa5 Bxg3 48. a6 Bb8 49. a7 Bxa7 50. Nxa7 {KS-KBB} Kd6 51. Kf4 Kc5 52. Kg5 Kxc4 53. Kxg6 Kd5 54. Kxh5 Ke6 55. Kg6 {Precision: Weiß = 67%, Schwarz = 25%.} 1-0

[Event "29th Czech Open-Rapid 2018"]
[Site "Pardubice"]
[Date "2018.07.18"]
[Round "1"]
[White "Cerveny, Martin"]
[Black "Jazdanovs, Aleksandrs"]
[Result "1-0"]
[WhiteElo "2359"]
[BlackElo "2205"]
[Annotator "NA RC"]
[PlyCount "87"]
[EventDate "2018.07.18"]
[EventType "swiss"]
[EventCountry "CZE"]
[SourceTitle "playchess.com"]
[Source "ChessBase"]
[SourceQuality "1"]
[TimeControl "900+10"]

1. d4 {[%emt 0:00:00]} Nf6 {[%emt 0:00:00]} 2. Nf3 {[%emt 0:00:00]} c5 {[%emt 0:00:08]} 3. d5 {[%emt 0:00:36]} e6 {[%emt 0:00:16]} 4. c4 {[%emt 0:00:02]} b5 {[%emt 0:00:16]} 5. dxe6 {[%emt 0:00:03]} fxe6 {[%emt 0:00:06]} 6. cxb5 {[%emt 0:00:02]} d5 {[%emt 0:00:10]} 7. Nc3 {[%emt 0:00:02]} Bd6 {[%emt 0:00:20]} 8. e4 {[%emt 0:00:11]} Nxe4 {[%emt 0:02:39]} 9. Nxe4 {[%emt 0:00:02]} dxe4 {[%emt 0:00:01]} 10. Ng5 {[%emt 0:00:09]} O-O {[%emt 0:00:19]} 11. Bc4 {[%emt 0:01:15]} Qe7 {[%emt 0:01:37]} 12. Qh5 {[%emt 0:01:18]} g6 {[%emt 0:01:27]} 13. Qg4 {[%emt 0:00:19]} Rf5 {[%emt 0:01:12]} 14. O-O {[%emt 0:01:14]} a6 {[%emt 0:00:07]} 15. bxa6 {[%emt 0:01:14]} Nxa6 {[%emt 0:00:13]} 16. Qxe4 {[%emt 0:00:14]} Nc7 {[%emt 0:00:14]} 17. Rd1 {[%emt 0:01:59]} Bd7 {[%emt 0:02:03]} 18. Be3 {[%emt 0:00:57]} Re5 {[%emt 0:00:19]} 19. Qh4 {[%emt 0:00:36]} Nd5 {[%emt 0:00:12]} 20. Nf3 {[%emt 0:01:08]} Qxh4 {[%emt 0:00:02]} 21. Nxh4 {[%emt 0:00:01]} Nxe3 {[%emt 0:03:00]} 22. fxe3 {[%emt 0:00:09]} Re4 {[%emt 0:00:10]} 23. Rxd6 {[%emt 0:01:37]} Rxc4 {[%emt 0:00:03]} 24. Nf3 {[%emt 0:00:43]} Bb5 {[%emt 0:00:35]} 25. Rb6 {[%emt 0:00:39]} Rb4 {[%emt 0:00:05]} 26. a4 {[%emt 0:01:34]} Raxa4 {[%emt 0:00:54]} 27. Rxa4 {[%emt 0:00:03]} Bxa4 {[%emt 0:00:01]} 28. Rxb4 {[%emt 0:00:16]} cxb4 {[%emt 0:00:02]} 29. Kf2 {[%emt 0:00:10]} Kg7 {[%emt 0:00:21]} 30. Ne1 {[%emt 0:00:48]} Bb5 {[%emt 0:00:56]} 31. Nc2 {[%emt 0:00:14]} b3 {[%emt 0:00:02]} 32. Nd4 {[%emt 0:00:01]} Bc4 {[%emt 0:00:01]} 33. e4 {[%emt 0:01:08]} e5 {[%emt 0:00:09]} 34. Nf3 {[%emt 0:00:02]} Kf6 {[%emt 0:00:37]} 35. Ke3 {[%emt 0:00:01]} h6 {[%emt 0:00:32]} 36. Kd2 {[%emt 0:00:36]} Bf1 {[%emt 0:00:08]} 37. g3 {[%emt 0:00:32]} Bg2 {[%emt 0:00:41]} 38. Ke3 {[%emt 0:00:01]} Bxf3 {[%emt 0:00:03]} 39. Kxf3 {[%emt 0:00:01]} h5 {[%emt 0:00:28]} 40. h4 {[%emt 0:00:50]} g5 {[%emt 0:00:17]} 41. Ke3 {[%emt 0:00:04]} gxh4 {[%emt 0:00:03]} 42. gxh4 {[%emt 0:00:01]} Ke6 {[%emt 0:00:01]} 43. Kd3 {[%emt 0:00:01]} Kd6 {[%emt 0:00:01]} 44. Kc4 {[%emt 0:00:11]} 1-0

[Event "29th Czech Open-Rapid 2018"]
[Site "Pardubice"]
[Date "2018.07.18"]
[Round "1"]
[White "Turner, Jan"]
[Black "Chubar, Vladimir"]
[Result "1-0"]
[WhiteElo "2348"]
[BlackElo "2016"]
[Annotator "TA"]
[PlyCount "79"]
[EventDate "2018.07.18"]
[EventType "swiss"]
[EventCountry "CZE"]
[SourceTitle "playchess.com"]
[Source "ChessBase"]
[SourceQuality "1"]

{[%evp 9,79,4,49,47,43,45,63,39,32,37,31,12,10,28,37,14,29,0,0,0,38,29,41,39,25,27,33,33,35,36,78,28,75,71,81,68,156,148,135,112,208,180,182,77,82,79,79,65,182,145,148,144,439,441,798,816,796,685,680,686,891,895,887,861,961,685,706,699,1918,1868,1589,1239]} 1. b3 e5 2. Bb2 d6 3. d4 exd4 4. Qxd4 Nc6 {[%cal Bb8c6,Bc6e5,Be5d7,Bd7c5][%mdl 32]} 5. Qe3+ (5. Qd1 Nf6 6. Nf3 g6 7. e3 Bg7 8. c4 O-O 9. Nbd2 Bf5 10. Be2 Nb4 11. Nd4 Nd3+ 12. Bxd3 Bxd3 {0-1 (51) Khismatullin,D (2654)-Potapov,P (2476) Khanty-Mansiysk 2015}) 5... Qe7 (5... Be6 {is interesting.} 6. Nf3 Nf6 7. Qc1 Be7 8. e3 O-O) 6. Qxe7+ $1 {A01: Nimzowitsch-Larsen Opening} Ngxe7 7. Nc3 Bd7 8. g3 $146 {White is slightly better.} ({Predecessor:} 8. O-O-O O-O-O 9. Nf3 Ne5 10. Nxe5 dxe5 11. e3 f6 12. Bc4 Nf5 {½-½ (20) Rausis,I (2512)-Berzinsh,R (2405) Czechia 2013}) 8... O-O-O 9. O-O-O Ne5 10. h3 Bc6 11. e4 g6 12. f4 Bh6 13. Kb1 Nd7 14. Nge2 Rhe8 15. Nd4 Bg7 16. Nxc6 Nxc6 17. Bg2 Nc5 18. Rhe1 h5 19. h4 Kb8 20. a3 a5 21. Nd5 Bxb2 22. Kxb2 f5 (22... Ne7 $14) 23. exf5 $16 gxf5 24. Nf6 Rxe1 (24... Rh8 $16 {keeps fighting.}) 25. Rxe1 $18 Rh8 {[#]} 26. Bf3 (26. Re8+ $1 $18 {is more deadly.} Rxe8 27. Nxe8) 26... Nd4 $16 27. Bd1 Ne4 28. Nxh5 Rg8 (28... d5 $14) 29. c3 $36 {[%mdl 2048] White is on the roll.} Nc6 30. Bc2 Nxg3 $2 {[%mdl 8192]} (30... d5 $16 31. c4 Nd4) 31. Rg1 $18 {White is clearly winning.} Nxh5 (31... Rg4 $142) 32. Rxg8+ {[%mdl 4096] Endgame KRB-KNN} Ka7 33. Bxf5 Nxf4 34. Rg4 Nd5 35. h5 {[%cal Bh4h5,Bh5h6,Bh6h7][%mdl 32]} Ne5 36. h6 Nf6 37. Rh4 Nf7 38. h7 Nh8 39. Rh6 Nd5 {[#]} 40. Rg6 $1 {[%mdl 512] Precision: White = 68%, Black = 40%.} 1-0

[Event "29th Czech Open-Rapid 2018"]
[Site "Pardubice"]
[Date "2018.07.18"]
[Round "1"]
[White "Webersberger, Johann"]
[Black "Sinauridze, Simons"]
[Result "1-0"]
[WhiteElo "2348"]
[BlackElo "2088"]
[Annotator "TA"]
[PlyCount "67"]
[EventDate "2018.07.18"]
[EventType "swiss"]
[EventCountry "CZE"]
[SourceTitle "playchess.com"]
[Source "ChessBase"]
[SourceQuality "1"]

{[%evp 11,67,0,11,0,16,2,24,36,42,9,43,31,33,24,27,35,49,22,22,0,0,10,0,-11,0,0,19,0,-1,-22,-22,-7,-15,-29,-6,-34,-13,-3,0,-20,-16,-29,-29,-23,182,-21,88,20,367,380,313,285,496,496,496,476,2083,1987]} 1. Nf3 g6 2. d4 Bg7 3. Bg5 d6 4. e3 Nf6 5. Be2 O-O 6. O-O Nbd7 {LiveBook: 18 Partien} 7. a4 $146 {A48: Königsindisch (ohne c2-c4)} ({Vorgänger:} 7. c4 h6 8. Bh4 e5 9. Nc3 Re8 10. Rc1 c6 11. a3 Qe7 12. Re1 b6 13. b4 Bb7 14. Bf1 a6 15. a4 a5 16. bxa5 Rxa5 17. Rb1 g5 {1-0 (46) Megaranto,S (2535)-Onischuk,V (2613) Almaty 2016}) 7... c5 8. a5 cxd4 9. exd4 {Weiß hat minimalen Vorteil.} Ne4 10. Bh4 Ndf6 11. Nbd2 Bf5 12. c3 Rc8 13. Re1 Nxd2 14. Qxd2 (14. Nxd2 {feels hotter.} h6 15. Nc4 g5 16. Bg3 Bg6 17. Bd3) 14... Qc7 15. Bd3 Bxd3 16. Qxd3 Rfe8 17. a6 b6 18. Nd2 d5 19. Qb5 e6 20. Bg3 Qc6 21. Qxc6 Rxc6 22. h3 Bf8 23. f3 Nh5 24. Bh2 Bh6 25. Nb1 b5 26. Na3 b4 27. Nb5 Bd2 $2 {[#]} (27... Rb6 $11 28. Ra5 (28. Nxa7 Nf4 $17) 28... bxc3 29. bxc3 Nf4) 28. Reb1 $2 (28. Nxa7 $18 Rc4 29. Red1 bxc3 30. bxc3 Bxc3 31. Nb5 Bxa1 32. Rxa1) 28... bxc3 (28... Nf4 $11 {bleibt in der Remisbreite.} 29. Nxa7 Rb6) 29. bxc3 ({Günstiger ist} 29. Nxa7 $16 Rxa6 30. Rxa6) 29... Bxc3 $2 {[%mdl 8192]} (29... Ra8 $11 {und Schwarz muss sich keine Sorgen machen.}) 30. Nxc3 $18 Rxc3 31. Rb7 Rc2 $2 {[#]} (31... Rec8 {kämpft weiter.} 32. Rxa7 Rc1+ 33. Rxc1 Rxc1+ 34. Kf2 Rc2+ 35. Kg1 Rc1+ 36. Kf2 Rc2+ 37. Kg1 Rc1+) 32. Rxa7 {Weiß steht klar auf Gewinn.} Rec8 33. Rb7 Re2 (33... Rc1+ $142 34. Rxc1 Rxc1+ 35. Kf2 Ra1) 34. Rb8 {Precision: Weiß = 31%, Schwarz = 33%.} 1-0

[Event "29th Czech Open-Rapid 2018"]
[Site "Pardubice"]
[Date "2018.07.18"]
[Round "1"]
[White "Kulkarni, Chinmay"]
[Black "Trost, Edvin"]
[Result "1-0"]
[WhiteElo "2336"]
[BlackElo "1925"]
[Annotator "TA"]
[PlyCount "95"]
[EventDate "2018.07.18"]
[EventType "swiss"]
[EventCountry "CZE"]
[SourceTitle "playchess.com"]
[Source "ChessBase"]
[SourceQuality "1"]

{[%evp 21,95,72,92,58,57,6,11,16,68,26,231,45,59,49,61,56,64,58,64,61,93,61,227,222,229,239,235,230,205,190,514,507,1140,359,366,351,334,333,495,437,1226,369,357,348,370,363,369,354,522,514,480,439,489,513,525,513,889,893,899,833,2167,1818,6287,6195,6087,5481,2344,1743,29981,29982,29983,29984,29984,29985,29985,29984]} 1. e4 c5 2. Nf3 e6 3. d4 cxd4 4. Nxd4 a6 5. c4 Qc7 6. Nc3 Nf6 7. Be3 d6 8. Bd3 Be7 9. O-O O-O 10. Rc1 Nbd7 {B42: Sizilianisch (Paulsen-Variante)} 11. f4 Re8 {LiveBook: 4 Partien} 12. Kh1 (12. g4 Nc5 13. Bb1 e5 14. Nf5 Bxf5 15. exf5 exf4 16. Bd4 h6 17. h4 Nh7 18. Nd5 {½-½ (39) Karjakin,S (2723)-Timofeev,A (2651) Khanty-Mansiysk 2009}) 12... b6 {Weiß steht etwas besser.} 13. f5 $146 (13. b4 $14) ({Vorgänger:} 13. b4 Bb7 14. g4 e5 15. Nd5 Qd8 16. Nf5 Bf8 17. fxe5 Bxd5 18. exf6 {½-½ (34) Zivkovic,M (2151)-Mihalj,M (2299) Vrnjacka Banja 2006}) 13... Ne5 14. Be2 Bf8 (14... Bd8 $11) 15. Bg5 Nfd7 $2 (15... Be7 $11) 16. b3 $2 ({Der einzige Zug:} 16. fxe6 $18 Rxe6 {[#]} 17. Rxf7 $1 {[%mdl 512]} (17. Nxe6 fxe6 18. Bh4 Bb7 $18)) 16... Bb7 17. fxe6 fxe6 18. Bg4 Nxg4 19. Qxg4 Ne5 20. Qh3 $36 {[%mdl 2048] Weiss kämpft um Vorteil.} ({Aber nicht} 20. Nxe6 $2 Qd7 $19) 20... Qd7 21. Na4 Bxe4 $2 ({Besser ist} 21... Qc7 $14) 22. Nxb6 $18 Qb7 23. Nxa8 Qxa8 24. Rce1 Nd3 25. Re3 (25. Nxe6 Nxe1 26. Rxe1 g6 $17) 25... h6 $2 {[#]} (25... Nc5 {leistet mehr Widerstand.} 26. Rg3 Qb7) 26. Bxh6 $1 {[%mdl 512]} gxh6 (26... Ne5 $142 27. Rg3 Qc8) 27. Rxd3 $2 (27. Rg3+ Bg7 28. Nxe6 Bxg2+ 29. Rxg2) 27... Bxd3 28. Qxd3 {Weiss droht Dg6+ und Matt.} Re7 29. Qg6+ Rg7 (29... Bg7 {kämpft weiter.} 30. Nxe6 Qe8 31. Qxe8+ Rxe8) 30. Qxe6+ Kh8 (30... Kh7 $142 31. Rf3 Re7) 31. Qd5 $2 (31. Qxh6+ Kg8 32. Qe6+ Kh7 33. Rf3) 31... Qxd5 32. cxd5 {[%mdl 4096] Endspiel KTL-KTS} Be7 33. Ne6 Rg4 34. Rf4 Rxf4 (34... Rg8 {war nötig.} 35. g3 Rc8) 35. Nxf4 {KL-KS} Kg7 36. g4 Kf6 {Falls Schwarz jetzt zu ...Kg5 käme, bestünde noch etwas Hoffnung.} 37. Kg2 Bd8 38. Nd3 h5 (38... a5 $142 39. Kg3 Bc7) 39. gxh5 Kg5 40. Kf3 Kxh5 41. Ke4 Kg4 42. Nb4 a5 43. Nc6 Bb6 44. Kd3 Bg1 45. Nxa5 {Weiß setzt Matt.} Bxh2 46. Ke4 Kg5 47. Nc6 Kf6 48. a4 {Precision: Weiß = 54%, Schwarz = 27%.} 1-0

[Event "29th Czech Open-Rapid 2018"]
[Site "Pardubice"]
[Date "2018.07.18"]
[Round "1"]
[White "Kathmale, Sameer"]
[Black "Effenberger, Adam"]
[Result "*"]
[WhiteElo "2323"]
[BlackElo "1817"]
[Annotator "NA"]
[PlyCount "67"]
[EventDate "2018.07.18"]
[EventType "swiss"]
[EventCountry "CZE"]
[SourceTitle "playchess.com"]
[Source "ChessBase"]
[SourceQuality "1"]
[TimeControl "900+10"]

1. e4 {[%emt 0:00:00]} c5 {[%emt 0:00:00]} 2. c3 {[%emt 0:00:00]} g6 {[%emt 0:00:06]} 3. d4 {[%emt 0:00:00]} cxd4 {[%emt 0:00:05]} 4. cxd4 {[%emt 0:00:00]} d5 {[%emt 0:00:08]} 5. e5 {[%emt 0:00:00]} Nc6 {[%emt 0:00:06]} 6. Nc3 {[%emt 0:00:12]} Bg7 {[%emt 0:00:08]} 7. h3 {[%emt 0:00:02]} Nh6 {[%emt 0:00:32]} 8. g4 {[%emt 0:00:03]} O-O {[%emt 0:00:50]} 9. f4 {[%emt 0:00:07]} f6 {[%emt 0:00:32]} 10. Bg2 {[%emt 0:00:10]} e6 {[%emt 0:00:27]} 11. Nf3 {[%emt 0:00:02]} fxe5 {[%emt 0:00:28]} 12. fxe5 {[%emt 0:00:04]} b6 {[%emt 0:02:13]} 13. O-O {[%emt 0:01:23]} Ba6 {[%emt 0:01:29]} 14. Rf2 {[%emt 0:00:02]} Rc8 {[%emt 0:00:11]} 15. a3 {[%emt 0:00:52]} Qe7 {[%emt 0:00:30]} 16. Bg5 {[%emt 0:00:40]} Qd7 {[%emt 0:00:39]} 17. b4 {[%emt 0:00:25]} Na5 {[%emt 0:02:42]} 18. Rc1 Nc4 19. a4 {[%emt 0:01:47]} Nf7 {[%emt 0:01:28]} 20. Bf6 {[%emt 0:00:44]} Ne3 {[%emt 0:01:38]} 21. Qe1 {[%emt 0:00:13]} Nxg2 {[%emt 0:00:14]} 22. Kxg2 {[%emt 0:00:02]} Rc4 {[%emt 0:00:33]} 23. b5 {[%emt 0:00:59]} Bb7 {[%emt 0:00:19]} 24. h4 Nh6 25. Bxg7 {[%emt 0:03:39]} Kxg7 {[%emt 0:01:11]} 26. Kg3 {[%emt 0:00:09]} a6 {[%emt 0:02:04]} 27. Qe3 {[%emt 0:00:25]} axb5 {[%emt 0:00:29]} 28. Nxb5 {[%emt 0:00:10]} Rxc1 {[%emt 0:00:20]} 29. Qxc1 {[%emt 0:00:04]} Rc8 {[%emt 0:00:01]} 30. Qg5 {[%emt 0:00:25]} Ba6 {[%emt 0:00:26]} 31. Qf6+ {[%emt 0:01:01]} Kg8 {[%emt 0:00:01]} 32. Ng5 {[%emt 0:00:06]} Bxb5 {[%emt 0:00:12]} 33. axb5 {[%emt 0:00:01]} Rc3+ {[%emt 0:00:05]} 34. Kg2 {[%emt 0:00:11]} *